Parque Nacional Natural Chiribiquete / (Registro nro. 1869)

Detalles MARC
000 -CABECERA
Campo de control 00905cam a2200277 a 4500
005 - FECHA Y HORA DE LA ULTIMA TRANSACCION
Campo de control 20150924114840.0
008 - ELEMENTOS DE LONGITUD FIJA—INFORMACION GENERAL
Campo de control 010218s1999 ck ab r 00010 spa d
015 ## - NATIONAL BIBLIOGRAPHY NUMBER
National bibliography number ck-1999-xxxx
040 ## - FUENTE DE CATALOGACIÓN
Agencia catalogadora original la
Agencia transcriptora la
041 0# - IDIOMA
Código de idioma para texto/pista de sonido o título separado Español
043 ## - GEOGRAPHIC AREA CODE
Geographic area code ck---
082 04 - NUMERO DE CLASIFICACION DECIMAL DEWEY
Número de clasificación 333.7
Número del ítem P51p
100 1# - ASIENTO PRINCIPAL--NOMBRE PERSONAL
Nombre personal Penuela, Maria Cristina.
245 10 - MENCION DE TITULO
Título Parque Nacional Natural Chiribiquete /
Mención de responsabilidad Ma. Cristina Penuela, Patricio von Hildebrand.
260 ## - PUBLICACION, DISTRIBUCION, ETC. (PIE DE IMPRENTA)
Lugar de publicación, distribución, etc. Bogota :
Nombre del editor, distribuidor, etc. Fundacion Puerto Rastrojo,
Fecha de publicación, distribución, etc. 1999.
300 ## - DESCRIPCION FISICA
Extensión 119 p. :
Otros detalles físicos ilustraciones., mapas ;
Dimensiones 28 cm.
504 ## - NOTA DE BIBLIOGRAFIA, ETC.
Nota de bibliografía Incluye bibliografia.
650 ## - ASIENTO SECUNDARIO DE MATERIA - TERMINO TEMATICO
Término temático o nombre geográfico como elemento de entrada Parques naturales
Subdivisión geográfica Amazonas (Colombia)
650 ## - ASIENTO SECUNDARIO DE MATERIA - TERMINO TEMATICO
Término temático o nombre geográfico como elemento de entrada Fauna
650 ## - ASIENTO SECUNDARIO DE MATERIA - TERMINO TEMATICO
Término temático o nombre geográfico como elemento de entrada Explotacion de Caucho
650 ## - ASIENTO SECUNDARIO DE MATERIA - TERMINO TEMATICO
Término temático o nombre geográfico como elemento de entrada Geomorfologia
651 ## - ASIENTO SECUNDARIO DE MATERIA - NOMBRE GEOGRAFICO
Nombre geográfico Parque Nacional Natural Chiribiquete
700 1# - ASIENTO SECUNDARIO - NOMBRE PERSONAL
Nombre personal Hildebrand, Patricio von.
942 ## - ELEMENTOS ADICIONALES (KOHA)
Sistema de clasificación Dewey Decimal Classification
Tipo de ítem Libro
949 ## - LOCAL PROCESSING INFORMATION (OCLC)
a c
b c
Existencias
Withdrawn status Lost status Sistema de Clasificación Damaged status No para préstamo Colección Fecha publicación (Año) Inventariado Ubicación Permanente Ubicación actual Fecha de adquisición Fuente de Valor Valor Total Checkouts Número topográfico Inventario / Código de Barras Date last seen Date checked out Ejemplar Price effective from Forma de adquisición Tipo de material
    Dewey Decimal Classification     General 1999 Inventariado 2017 Bogotá Bogotá 24/01/2001 Donnacion 39000.00 1 LB-333.7 P51p 014287 26/06/2014 23/05/2014 Ej. 1 04/12/2012   Libro